Teología de la esperanza / (Record no. 108217)

MARC details
000 -LEADER
campo de control de longitud fija 00515nam a2200169 4500
001 - NÚMERO DE CONTROL
campo de control 108217
003 - IDENTIFICADOR DE NÚMERO DE CONTROL
campo de control ES-MaACL
005 - FECHA Y HORA DE LA ÚLTIMA TRANSACCIÓN
campo de control 20230906184613.0
007 - CAMPO FIJO DE DESCRIPCIÓN FÍSICA--INFORMACIÓN GENERAL
campo de control de longitud fija t|
008 - DATOS DE LONGITUD FIJA--INFORMACIÓN GENERAL
campo de control de longitud fija 061121s1969 sp r ||||1| spa d
100 1# - ENTRADA PRINCIPAL--NOMBRE DE PERSONA
Nombre de persona Moltmann, Jürgen.
9 (RLIN) 82071
245 10 - MENCIÓN DEL TÍTULO
Título Teología de la esperanza /
Mención de responsabilidad, etc. Jürgen Moltmann; traducción de A.P. Sánchez Pascual.
260 ## - PUBLICACIÓN, DISTRIBUCIÓN, ETC.
Lugar de publicación, distribución, etc. Salamanca :
Nombre del editor, distribuidor, etc. Sígueme,
Fecha de publicación, distribución, etc. 1969.
300 ## - DESCRIPCIÓN FÍSICA
Extensión 475 p. ;
Dimensiones 22 cm.
700 1# - ENTRADA AGREGADA--NOMBRE PERSONAL
Nombre de persona Sánchez Pascual, Andrés.
9 (RLIN) 102833
852 ## - LOCALIZACIÓN
Ubicación ES-MaACL
Número de control de estantería C-38818
Sublocalización o colección R.72205
Holdings
Estatus retirado Estado de pérdida Estado de daño No para préstamo Biblioteca de origen Biblioteca actual Ubicación en estantería Fecha de adquisición Fuente de adquisición Total de préstamos Signatura topográfica completa Código de barras Visto por última vez Precio de reemplazo Tipo de ítem Koha
        Biblioteca del Ateneo de Madrid Biblioteca del Ateneo de Madrid Depósito 2 17/01/2008     C-38818 1112923 23/02/2023 23/02/2023 Libro impreso